LIBRARY & INFORMATION CENTRE, KCAET, TAVANUR

ONLINE PUBLIC ACCESS CATALOGUE (OPAC)

Anthithiri (Record no. 17771)

MARC details
000 -LEADER
fixed length control field 00310nam a22001457a 4500
003 - CONTROL NUMBER IDENTIFIER
control field OSt
008 - FIXED-LENGTH DATA ELEMENTS--GENERAL INFORMATION
fixed length control field 231102b |||||||| |||| 00| 0 eng d
041 ## - LANGUAGE CODE
Language code of text/sound track or separate title eng
082 ## - DEWEY DECIMAL CLASSIFICATION NUMBER
Classification number 894.8121
Item number KUN /A
100 ## - MAIN ENTRY--AUTHOR NAME
Personal name Kunhiraman Nair, P
245 ## - TITLE STATEMENT
Title Anthithiri
250 ## - EDITION STATEMENT
Edition statement 2nd
300 ## - PHYSICAL DESCRIPTION
Number of Pages 58pages.
942 ## - ADDED ENTRY ELEMENTS (KOHA)
Koha item type Books

No items available.

free website counter